000 00515nam a2200169Ia 4500
008 090201s9999 xx 000 0 und d
010 _aKPL-46356
040 _bमराठी
041 _aमराठी
082 _a20915
_b46356
100 _aप्रकाश कदम
245 _aरक्तमाणिक
_cप्रकाश कदम
260 _c2004
_bश्रध्दा प्रकाशन
300 _a170
_bलहान
600 _aरक्तमाणिक
942 _cBOOK
999 _c220671
_d220671